000
00318nam a2200109Ia 4500
008
200302s9999 xx 000 0 und d
100
_a
China architectural culture center
245
_a
World Green building thermal environmental engineering solutions
260
_b
Phoenix Pbulished Ltd.
260
_c
2012
300
_a
319
999
_c
7331
_d
7331